书目信息 |
| 书名: | Technology of machine tools | |
| 作者: | Steve F. Krar, Albert F. Check. | |
| 分册号: | ||
| 分册名: | 出版地: | New York : |
|
| 出版社: | Glencoe/McGraw-Hill | |
| 出版时间: | c1997. | |
| 页数: | x, 869 p. : | |
| 开本: | 29 cm. | |
| 丛书名: | ||
| 中图分类号: | ||
| 科图分类号: | ||
| 其他分类号: | TH2 | |
| 主题词: | ||
| 电子资源: | http://www.loc.gov/catdir/toc/mh031/96005183.html http://www.loc.gov/catdir/description/mh031/96005183.html | |
| 000 | 01164pam a2200325 a 450 | |
| 001 | E0762173294 | |
| 005 | 20070710172040.21 | |
| 008 | 960207s1997 nyua 001 0 eng | |
| 010 | @a96005183 | |
| 020 | @a0028030710. | |
| 035 | @A(DLC) 96005183 | |
| 040 | @aDLC@cDLC@dDLC | |
| 050 | 00 | @aTJ1185@b.K668 1997 |
| 082 | 00 | @a621.9/02@2 20 |
| 090 | @aTH2 | |
| 099 | @dTH2@ex6=5 | |
| 100 | 1 | @aKrar, Stephen F. |
| 245 | 10 | @aTechnology of machine tools / @cSteve F. Krar, Albert F. Check. |
| 250 | @a5th ed. | |
| 260 | @aNew York :@bGlencoe/McGraw-Hill,@cc1997. | |
| 300 | @ax, 869 p. :@bill. (some col.) ;@c29 cm. | |
| 500 | @aIncludes index. | |
| 650 | 0 | @aMachine-shop practice. |
| 650 | 0 | @aMachine-tools. |
| 700 | 1 | @aCheck, Albert F. |
| 856 | 41 | @3 Table of contents@uhttp://www.loc.gov/catdir/toc/mh031/96005183.html |
| 856 | 42 | @3 Publisher description@uhttp://www.loc.gov/catdir/description/mh031/96005183.html |
| 906 | @a7@bcbc@corignew@d1@eocip@f19@gy-gencatlg | |
| 955 | @apc05 to ja00 02-07-96; jf02 02-07-96;jf12 02-08-96; bk rec’d jd00 05-09-97; CIP ver jd11 05-13-97 | |
| 991 | @bc-GenColl@hTJ1185@i.K668 1997@tCopy 1@wBOOKS | |
| Technology of machine tools / / Steve F. Krar, Albert F. Check.-5th ed.-New York : : Glencoe/McGraw-Hill, , c1997. |
| x, 869 p. : : ill. (some col.) ; ; 29 cm. |
| Includes index. |
| ISBN 0028030710. |
| ● |
| 相关链接 |
|
|
|
|
正题名:Technology of machine tools
索取号:TH2/x6=5
 
预约/预借
| 序号 | 登录号 | 条形码 | 馆藏地/架位号 | 状态 | 备注 |
| 1 | 12744 | 300127440 | 第二样本阅览室/ [索取号:TH2/x6=5] | 在馆 | |
| 2 | 12745 | 300127459 | 第四借阅区/ [索取号:TH2/x6=5] | 在馆 | |
| 3 | 12746 | 300127468 | 第四借阅区/ [索取号:TH2/x6=5] | 在馆 | |
| 4 | 12747 | 300127477 | 第四借阅区/ [索取号:TH2/x6=5] | 在馆 |